000 00854nam a2200253Ia 4500
003 OSt
005 20221005104135.0
006 a|||||r|||| 00| 0
007 ta
008 221004b |||||||| |||| 00| 0 hin d
024 _a107590
037 _cTextual
040 _aCRL
_cCRL
_bhin
041 _2hin
_ahin
082 _aO152:g, N0
100 _aगुप्त, सुरेशचन्द्र
245 0 _aसम्प्रेषण और विश्लेषण
246 _aSampreṣhaṇ aur vishleṣhaṇa
260 _aदिल्ली
_bदीपशिखा प्रकाशन भारत
_c1990
300 _a120पृ0
_ccm.
650 _aहिन्दी साहित्य
942 _hO152:g, N0
_cTEXL
_2cc
999 _c1011846
_d1011846